Matrix structural analysis / (Record no. 546605)

000 -LEADER
fixed length control field 00648pam a2200181 a 4500
020 ## - INTERNATIONAL STANDARD BOOK NUMBER
International Standard Book Number 0471123242 (cloth : alk. paper)
082 00 - DEWEY DECIMAL CLASSIFICATION NUMBER
Classification number 624.1/71
Author Mark FEL
-- L-NUST L.P.
100 1# - MAIN ENTRY--PERSONAL NAME
Personal name Felton, Lewis P.
9 (RLIN) 42761
245 10 - TITLE STATEMENT
Title Matrix structural analysis /
Statement of responsibility, etc. Lewis P. Felton, Richard B. Nelson.
260 ## - PUBLICATION, DISTRIBUTION, ETC.
Place of publication, distribution, etc. New York :
Name of publisher, distributor, etc. J. Wiley,
Date of publication, distribution, etc. c1997.
300 ## - PHYSICAL DESCRIPTION
Extent xix, 700 p. :
Other physical details ill. ;
Dimensions 26 cm.
526 ## - STUDY PROGRAM INFORMATION NOTE
Program name 0
Interest level 0
Reading level 0
Title point value 624_171000000000000_FEL
650 ## - SUBJECT ADDED ENTRY--TOPICAL TERM
Topical term or geographic name entry element NUST
9 (RLIN) 6342
700 1# - ADDED ENTRY--PERSONAL NAME
Personal name Nelson, Richard B.
9 (RLIN) 42762
856 4# - ELECTRONIC LOCATION AND ACCESS
Uniform Resource Identifier <a href="http://www.loc.gov/catdir/toc/onix04/96019454.html">http://www.loc.gov/catdir/toc/onix04/96019454.html</a>
856 42 - ELECTRONIC LOCATION AND ACCESS
Uniform Resource Identifier <a href="http://www.loc.gov/catdir/description/wiley037/96019454.html">http://www.loc.gov/catdir/description/wiley037/96019454.html</a>
942 ## - ADDED ENTRY ELEMENTS (KOHA)
Source of classification or shelving scheme
Koha item type Book
Holdings
Withdrawn status Lost status Source of classification or shelving scheme Damaged status Not for loan Permanent Location Current Location Date acquired Total Checkouts Full call number Barcode Date last seen Date last checked out Price effective from Koha item type
          Military College of Engineering (MCE) Military College of Engineering (MCE) 06/17/2014 1 624.1/71 FEL MCE-44148 11/15/2016 10/18/2016 06/17/2014 Book
© 2023 Central Library, National University of Sciences and Technology. All Rights Reserved.